Statistics for Top 50 Countries With The Heaviest Men

Click here to take the quiz!

General Stats

  • This quiz has been taken 50 times
  • The average score is 28 of 50

Answer Stats

KGCountry% Correct
90.6United States
97%
88.6Germany
84%
86.7United Kingdom
84%
87.2Sweden
82%
88.4Australia
79%
87.3Canada
79%
86.4Finland
76%
89.1Norway
76%
85.8Belgium
74%
86.8Denmark
74%
87.7Netherlands
74%
88.7New Zealand
68%
88.1Greece
66%
89.0Ireland
66%
98.1Nauru
66%
89.0Poland
66%
97.5Samoa
66%
90.9Estonia
63%
89.9Lithuania
63%
89.1Latvia
61%
86.0Palau
58%
99.4Tonga
58%
87.9Tuvalu
58%
91.7Croatia
55%
88.3Bosnia and Herzegovina
53%
85.2Chile
53%
89.3Iceland
53%
85.1Romania
53%
87.9Serbia
53%
87.6Ukraine
53%
88.1Hungary
50%
86.1Luxembourg
50%
91.4Montenegro
50%
87.8Slovenia
50%
86.5Argentina
47%
92.1Czech Republic
47%
90.1Slovakia
47%
85.5Switzerland
47%
89.6Antigua and Barbuda
37%
92.3Dominica
37%
87.3Andorra
34%
90.0Bahamas
34%
87.1Barbados
34%
88.0Saint Kitts and Nevis
34%
86.4Saint Vincent and the Grenadines
34%
88.0Kuwait
32%
86.0Qatar
32%
89.7Grenada
29%
93.0Saint Lucia
29%
88.9Lebanon
21%

Score Distribution

Percentile by Number Answered

Percent of People with Each Score

Your Score History

You have not taken this quiz